000 01820nam a2200385 a 4500
001 000044782
003 DO-SdBNP
005 20250117091251.0
007 ta
008 150109s2014 dr ac 000 0 spa d
020 _a9789945891423
040 _aDO-SdBNP
_bspa
_cBNPHU
_erda
041 _hspa
082 _a741.683
_bV422a
_222
100 1 _aVega, Bernardo,
_d1938 -
_eautor
_93222
245 1 0 _aAntiguas tarjetas postales dominicanas de la colección de Miguel D. Mena /
_cedición y textos; Bernardo Vega ; edición Rosario Flores Paz ; introducción Miguel D. Mena.
264 _aSanto Domingo :
_bAcademia Dominicana de la Historia,
_c2014.
300 _a105 páginas :
_bilustraciones ;
_c26 cm.
336 _ardacontent
_btexto
_2txt
337 _ardamedia
_bsin mediación
_2n
338 _ardacarrier
_bvolumen
_2nc
490 1 _aAcademia Dominicana de la Historia
_v116
500 _aIncluye datos biográficos de los autor en las solapas.
500 _aIncluye referencias bibliográficas y notas al pie de las páginas.
504 _aBibliografía : p. 95
505 _aPresentación 9 -- Introducción 11 -- San Pedro de Macorís 19 -- Montecristi 25 -- Puerto Plata 31 -- El Seybo 41 -- Santiago 45 -- La Vega 55 -- Santo Domingo 61 -- Barahona 87 -- Samaná 91 -- Bibliografía 95 -- Índice de imágenes según ciudad 97 -- Publicaciones de la Academia Dominicana de la Historia 99
590 _aInventariado, 2018/LP
650 4 _aTarjetas postales
_zRepública Dominicana
_vCATÁLOGOS
_972803
700 1 2 _aVega, Bernardo,
_d1938 -
_eedición
_93222
700 1 2 _aMena, Miguel D.,
_d1961-
_eintroducción
_972804
700 1 2 _aFlores Paz, Rosario,
_eeditor
_965366
830 _aAcademia Dominicana de la Historia
_v116
_9770
910 _aValidado. Control de calidad MFF
942 _2ddc
_cLBS1
999 _c44271
_d44271